Флора дубрав городского округа город Воронеж: биогеографический, экологический, природоохранный аспекты (Запись № 9891161)

Подробности
000 -МАРКЕР
контрольное поле 02662nam0a2200457 i 4500
001 - ИДЕНТИФИКАТОР ЗАПИСИ
контрольное поле RU\NLR\BIBL_A\010018963
005 - ИДЕНТИФИКАТОР ВЕРСИИ
контрольное поле 20241101002431.0
010 ## - МЕЖДУНАРОДНЫЙ СТАНДАРТНЫЙ НОМЕР КНИГИ (ISBN)
Номер (ISBN) 9785442001877
Тираж 1000
021 ## - НОМЕР ГОСУДАРСТВЕННОЙ РЕГИСТРАЦИИ
Код страны Российская Федерация
Номер 2013-93371
Номер Листа государственной регистраци 6469
035 ## - ДРУГИЕ СИСТЕМНЫЕ НОМЕРА
Идентификатор записи (NILC)RuMoRGB-006701189
035 ## - ДРУГИЕ СИСТЕМНЫЕ НОМЕРА
Идентификатор записи (NLR Aleph) 010018963
100 ## - ДАННЫЕ ОБЩЕЙ ОБРАБОТКИ
Данные общей обработки 20131227d2013 um y0rusy50 ca
101 0# - ЯЗЫК РЕСУРСА
Язык текста, звукозаписи и т.д. русский
Язык резюме английский
Язык оглавления английский
102 ## - СТРАНА ПУБЛИКАЦИИ ИЛИ ПРОИЗВОДСТВА
Страна публикации Российская Федерация
105 ## - ПОЛЕ КОДИРОВАННЫХ ДАННЫХ: ТЕКСТОВЫЕ МАТЕРИАЛЫ, МОНОГРАФИЧЕСКИЕ
Кодированные данные о монографическом текстовом документе a||||||||||||
200 1# - ЗАГЛАВИЕ И СВЕДЕНИЯ ОБ ОТВЕТСТВЕННОСТИ
Основное заглавие Флора дубрав городского округа город Воронеж: биогеографический, экологический, природоохранный аспекты
Параллельное заглавие Flora oak forests city district Voronezh: biogeographical, ecological, environmental aspects
Первые сведения об ответственности А. Я. Григорьевская, Д. С. Зелепукин
Язык параллельного заглавия английский
210 ## - ПУБЛИКАЦИЯ, РАСПРОСТРАНЕНИЕ И ДР.
Место издания, распространения и т.д. Воронеж
Имя издателя, распространителя и т. д. Воронежская обл. тип.
Дата издания, распространения и т.д. 2013
215 ## - ФИЗИЧЕСКАЯ ХАРАКТЕРИСТИКА
Специфическое обозначение материала и объем 260 с.
Другие сведения о физической характеристике ил., цв. ил., карт.
Размеры 25
300 ## - ОБЩИЕ ПРИМЕЧАНИЯ
Текст примечания Авт. также на англ. яз.: A.Ya. Grigoryevskaya, D.S. Zelepukin
300 ## - ОБЩИЕ ПРИМЕЧАНИЯ
Текст примечания Рез. на англ. яз.
320 ## - ПРИМЕЧАНИЯ О НАЛИЧИИ В ДОКУМЕНТЕ БИБЛИОГРАФИИ / УКАЗАТЕЛЯ
Текст примечания Библиогр.: с. 86-94 (120 назв.)
320 ## - ПРИМЕЧАНИЯ О НАЛИЧИИ В ДОКУМЕНТЕ БИБЛИОГРАФИИ / УКАЗАТЕЛЯ
Текст примечания Алф. указ. лат. назв. семейств, родов и видов, встречающихся в тексте и аннот. списке флоры: с. 95-110
320 ## - ПРИМЕЧАНИЯ О НАЛИЧИИ В ДОКУМЕНТЕ БИБЛИОГРАФИИ / УКАЗАТЕЛЯ
Текст примечания Алф. указ. рус. назв. семейств, родов и видов, встречающихся в тексте и аннот. списке флоры: с. 111-116
333 ## - ПРИМЕЧАНИЯ ОБ ОСОБЕННОСТЯХ РАСПРОСТРАНЕНИЯ И ИСПОЛЬЗОВАНИЯ
Текст примечания 12+
510 0# - ПАРАЛЛЕЛЬНОЕ ЗАГЛАВИЕ
Связь между полями z11790
Параллельное заглавие Flora oak forests city district Voronezh: biogeographical, ecological, environmental aspects
Язык заглавия английский
606 1# - НАИМЕНОВАНИЕ ТЕМЫ КАК ПРЕДМЕТ
Наименование темы Дубовые леса рекреационные
Тематический подзаголовок Экология
Географический подзаголовок Воронеж, город
Системный номер авторитетной/нормативной записи 2170514
Идентификатор авторитетной/нормативной записи RU\NLR\AUTH\6601542240
606 1# - НАИМЕНОВАНИЕ ТЕМЫ КАК ПРЕДМЕТ
Наименование темы Сосудистые растения дубовых лесов
Географический подзаголовок Воронежская область
Системный номер авторитетной/нормативной записи 2170799
Идентификатор авторитетной/нормативной записи RU\NLR\AUTH\6601542367
675 ## - УНИВЕРСАЛЬНАЯ ДЕСЯТИЧНАЯ КЛАССИФИКАЦИЯ (UDC/УДК)
Индекс 635.9:582.632.2(470.324)
686 1# - ИНДЕКСЫ ДРУГИХ КЛАССИФИКАЦИЙ
Индекс Е592(2Р345-4Вр)
686 1# - ИНДЕКСЫ ДРУГИХ КЛАССИФИКАЦИЙ
Индекс Е581.819.212(2Р345-4Вр)
686 1# - ИНДЕКСЫ ДРУГИХ КЛАССИФИКАЦИЙ
Индекс П342.925.11(2Р345-4Вр)
700 #1 - ИМЯ ЛИЦА - ПЕРВИЧНАЯ ОТВЕТСТВЕННОСТЬ
Начальный элемент ввода Григорьевская
Часть имени, кроме начального элемента ввода А. Я.
Расширение инициалов личного имени Анна Яковлевна
Системный номер авторитетной/нормативной записи 128530
Идентификатор авторитетной/нормативной записи RU\NLR\AUTH\770128561
701 #1 - ИМЯ ЛИЦА - АЛЬТЕРНАТИВНАЯ ОТВЕТСТВЕННОСТЬ
Начальный элемент ввода Зелепукин
Часть имени, кроме начального элемента ввода Д. С.
Расширение инициалов личного имени Денис Сергеевич
Системный номер авторитетной/нормативной записи 128550
Идентификатор авторитетной/нормативной записи RU\NLR\AUTH\770128581
790 #1 - ИМЯ ЛИЦА - АЛЬТЕРНАТИВНАЯ ФОРМА
Графика поля Латинская
Материалы, к которым относится поле rus
Начальный элемент ввода Grigor'evskaja
Часть имени, кроме начального элемента ввода A. Ja.
Расширение инициалов личного имени Anna Jakovlevna
Системный номер авторитетной/нормативной записи 128531
Идентификатор авторитетной/нормативной записи RU\NLR\AUTH\770128562
790 #1 - ИМЯ ЛИЦА - АЛЬТЕРНАТИВНАЯ ФОРМА
Графика поля Латинская
Материалы, к которым относится поле rus
Начальный элемент ввода Zelepukin
Часть имени, кроме начального элемента ввода D. S.
Расширение инициалов личного имени Denis Sergeevič
Системный номер авторитетной/нормативной записи 128551
Идентификатор авторитетной/нормативной записи RU\NLR\AUTH\770128582
801 #0 - ИСТОЧНИК ЗАПИСИ
Страна Российская Федерация
Организация RuMoRKP
Дата составления 20131121
Правила каталогизации RCR
801 #2 - ИСТОЧНИК ЗАПИСИ
Страна Российская Федерация
Организация РГБ
Дата составления 20131204
Правила каталогизации rcr
942 ## - ДОПОЛНИТЕЛЬНЫЕ ЭЛЕМЕНТЫ ЗАПИСИ (АБИС)
Тип экземпляра АБИС Книга
980 ## - КОЛЛЕКЦИЯ
Название коллекции НБР

Нет доступных экземпляров.